| 000 | 01090nam a22003495a 4500 | ||
|---|---|---|---|
| 001 | 15757496 | ||
| 003 | OSt | ||
| 005 | 20140310182931.0 | ||
| 008 | 090601s2008 ph a 001 0 eng | ||
| 010 | _a 2008453578 | ||
| 020 | _a9789719168713 | ||
| 040 |
_aDLC _cDLC |
||
| 041 | 0 |
_aeng _atgl |
|
| 042 | _alcode | ||
| 050 | 0 | 0 |
_aPL 6055 _b.B265 2008 |
| 082 |
_aFIL 499.21103 _b.B265 2008 |
||
| 100 | 1 | _aBaron, Cynthia Sta. Maria. | |
| 245 | 1 | 0 |
_aAno 'yon? ano 'yan? _bthe whats and whys of being Filipino _cBaron, Cynthia Sta. Maria |
| 260 |
_aQuezon City, Philippines _bBaron Multimedia _c2008 |
||
| 300 |
_aiii, 170 p. _bill. _c14 x 22 cm. |
||
| 500 | _aIncludes index. | ||
| 520 | _aA dictionary of Filipino slang words and idioms. | ||
| 521 | _aCollege Student | ||
| 526 | _c1210L-1700L | ||
| 541 | _j1 | ||
| 546 | _aEnglish and Tagalog. | ||
| 562 | _eFor circulation. 1 copy available in the collection | ||
| 700 | 1 | _aYulo, Millet Yraola. | |
| 906 |
_a7 _bcbc _corigode _d4 _encip _f20 _gy-gencatlg |
||
| 942 |
_2lcc _cBK _kFIL |
||
| 999 |
_c17528 _d17528 |
||